| 000 | 01012cad a22002175a 4500 | ||
|---|---|---|---|
| 001 | L139695 | ||
| 008 | 070804s2007 xxk f 000 0 eng d | ||
| 035 | _a(Sirsi) u139695 | ||
| 041 | 0 | _aeng | |
| 050 | 0 | 4 | _a333.0062 $2 18 |
| 110 | 2 |
_aRoyal Institution of Chartered Surveyors _bProfessional Regulation and Consumer Protection _94348 |
|
| 245 | 0 | 0 |
_aLifelong learning for members _bhelp sheet _h[electronic resource] |
| 260 |
_aLondon _bRICS _c2007 |
||
| 490 | 0 | _aRICS Help Sheet | |
| 520 | _aExplains how members can meet their lifelong learning obligations as specified in rule 6 of the RICS rules of conduct. RICS help sheets aim to provide guidance on ways of meeting the requirements of the RICS rules of conduct. | ||
| 590 | _aKA | ||
| 650 | 2 | 4 | _aRICS RULES OF CONDUCT |
| 690 | _aABOUT RICS-RICS PROFESSIONAL REGULATION AND CONSUMER PROTECTION-RICS RULES OF CONDUCT | ||
| 856 | 4 | 0 |
_uhttps://www.rics.org/newregulation/memhelp.html _zView the help sheet free of charge at www.rics.org... |
| 942 | _n0 | ||
| 999 |
_c107331 _d107331 |
||